| 000 | 01047nam a22003017a 4500 | ||
|---|---|---|---|
| 003 | CHAP | ||
| 005 | 20220329143718.0 | ||
| 008 | 110325s1994 mx a r 00010 spa d | ||
| 010 | _a100743 | ||
| 011 | _a101715 | ||
| 035 | _a112403 | ||
| 040 | _cCHAP | ||
| 082 | 0 | 4 |
_a615.856 _bT27 |
| 245 | 0 | 0 |
_aTerapias alternas multiculturales II _c/compilado por Margarita E. Magaña Sánchez |
| 260 |
_aMéxico, D.F. : _bUAM, Unidad Xochimilco, División de Ciencias y Humanidades, _cc1994 |
||
| 300 |
_a152 p. : _bilus. |
||
| 590 |
_aBATCH-UPD _b10 _c20130110 _lUCH01 _h1324 |
||
| 590 |
_aBATCH-UPD _b10 _c20130410 _lUCH01 _h0832 |
||
| 590 |
_aBATCH-UPD _b10 _c20130914 _lUCH01 _h1740 |
||
| 590 |
_aCONVERSION _b10 _c20130109 _lUCH01 _h1356 |
||
| 650 | 1 | 4 |
_aMedicina alternativa. _973914 |
| 650 | 1 | 4 |
_aMedicina y religión. _973923 |
| 650 | 1 | 4 |
_aTerapéutica fisiológica. _9112346 |
| 700 | 1 |
_aMagaña Sánchez, Margarita E. _e, coomp. _969809 |
|
| 901 | _aBK | ||
| 942 | _cLIBRO | ||
| 949 |
_a615.856 T27 _bBC _cLIBRO _d33724002238149 _eLIBRO _h114473 _i112403 _st |
||
| 999 |
_c100743 _d100743 |
||